| 000 | 01594nam a22002655a 4500 | ||
|---|---|---|---|
| 003 | OSt | ||
| 005 | 20161124150601.0 | ||
| 008 | 161124s2005 ua frb 000 0 ara d | ||
| 015 | _a2005/16291 | ||
| 020 | _a9770497703 | ||
| 040 |
_aEG-ScBUE _bara _cEG-ScBUE |
||
| 043 | _af-ua--- | ||
| 082 | 0 | 4 |
_a346.62025 _bش هـ ا _222 |
| 100 | 1 | _aشهاوي، قدري عبد الفتاح. | |
| 245 | 1 | 0 |
_aأركان عقد الكفالة العينية والشخصية : _bالتضامن - التضامم - التجريد في التشريع المصري والمقارن / _cقدري عبد الفتاح الشهاوي. |
| 260 |
_aالقاهرة : _bدار النهضة العربية، _c2005. |
||
| 300 |
_a294 ص. ؛ _c24 سم. |
||
| 504 | _aيشتمل على إرجاعات ببليوجرافية. | ||
| 505 | _aماهيتها - طبيعتها - أركانها - آثارها - زوالها - علاقة الكفيل والدائن - علاقة الكفيل والمدين - إثبات الكفالة - كفالة الدين المستقبل والدين الشرطي والدين التجاري - مسئولية الكفيل والدفع بتجرد المدين - الكفيل والحق في الفوائد القانونية - الكفالة المدنية والتجارية (نصوصا - أوصافا - قيودا - أحكاما - تطبيقا - تحليلا - قضاء). | ||
| 650 | 7 |
_aالكفالة (قانون مدني) _zمصر. _2BUEsh |
|
| 650 | 0 |
_aالعقود (قانون مدنى) _zمصر. _2BUEsh _940832 |
|
| 651 | _2BUEsh | ||
| 653 |
_bLLAAWW _cNovember2016 |
||
| 942 | _2ddc | ||
| 999 |
_c23323 _d23295 |
||